| 000 -LEADER |
| fixed length control field |
00733nam a2200217Ia 4500 |
| 001 - CONTROL NUMBER |
| control field |
16773 |
| 003 - CONTROL NUMBER IDENTIFIER |
| control field |
GE_BSU |
| 008 - FIXED-LENGTH DATA ELEMENTS--GENERAL INFORMATION |
| fixed length control field |
181216s||||||||xx |||||||||||||| ||und|| |
| 040 ## - CATALOGING SOURCE |
| Transcribing agency |
GE_BSU |
| 080 ## - UNIVERSAL DECIMAL CLASSIFICATION NUMBER |
| Universal Decimal Classification number |
910.4 |
| 245 ## - TITLE STATEMENT |
| Title |
შორეულ გზებზე |
| 245 ## - TITLE STATEMENT |
| Remainder of title |
ქართველ მოგზაურთა ჩანაწერები. |
| 245 ## - TITLE STATEMENT |
| Statement of responsibility, etc. |
რედ. ი.ჩხიკვიშვილი |
| 260 ## - PUBLICATION, DISTRIBUTION, ETC. |
| Place of publication, distribution, etc. |
თბილისი |
| 260 ## - PUBLICATION, DISTRIBUTION, ETC. |
| Name of publisher, distributor, etc. |
საბლიტგამი |
| 260 ## - PUBLICATION, DISTRIBUTION, ETC. |
| Date of publication, distribution, etc. |
1959 |
| 300 ## - PHYSICAL DESCRIPTION |
| Extent |
392გვ. : ილ. ; 23სმ. |
| 653 ## - INDEX TERM--UNCONTROLLED |
| Uncontrolled term |
ქართველ მოგზაურთა ჩანაწერები. |
| 653 ## - INDEX TERM--UNCONTROLLED |
| Uncontrolled term |
შორეულ გზებზე |
| 942 ## - ADDED ENTRY ELEMENTS (KOHA) |
| Koha item type |
წიგნი |